People on Bulgarian coins - Statistics

General Stats
  • This quiz has been taken 11 times
  • The average score is 4 of 8
Answer Stats
Appeared times Person Who they were % Correct
17 Ferdinand I prince, tsar
70%
4 Ivan Rilski monk, hermit, saint
70%
9 Boris III tsar
60%
6 Georgi Dimitrov communist
50%
4 Cyril theologian, missionary, saint
30%
11 Jesus Christ preacher, religious leader
30%
11 Mary mother of a religious leader
30%
4 Methodius theologian, missionary, saint
30%
No matching quizzes found
Score Distribution
Percent of People with Each Score
Percentile by Number Answered
Your Score History
You have not taken this quiz